000 00935nam a22002651u 4500
001 12650
003 HDC
007 cr bn ---
008 210209p2002 my eng
040 _aHDC
100 _aChan, Ying Kwok,
_eauthor
_912772
245 0 _aField performance of tissue-cultured 'Josapine' pineapple /
_cby Chan Ying Kwok and Lam Peng Fatt
260 _aSerdang :
_bMalaysian Agricultural Research and Development Institute (MARDI),
_c2002
300 _a1 page
336 _atext
_2rdacontent
337 _acomputer
_2rdamedia
338 _aonline resource
_2rdacarrier
650 _aAnanas comosus
_913186
650 _aPineapple
_912675
650 _aTissue culture
_913425
856 _zRequest full-text at [email protected]
942 _2lcc
942 _cAR
942 _kJART 003190
999 _c9973
_d9973